000 00859nac a22002051u 4500
020 _a8120324862
082 _a005.5
090 _c530
_d530
100 _a20080729
245 _aMicrosoft Office Word 2003 step by step /
_cOnline Training Solutions, Inc.
260 _aNew Delhi :
_bPrentice Hall of India,
_c2004.
300 _a322 p.
_bill. ;
_c24 cm. +
_e1 CD-ROM (4 3/4 in.)
500 _aIncludes index.
650 _aWord processing.
650 _aMicrosoft Word.
700 _aOnline Training Solutions (Firm)
942 _cBB
_k005.5
999 _c530
_d530